[Event "VIE-ch (Women)"]
[Site "Hanoi"]
[Date "2024.03.14"]
[Round "6"]
[White "Nguyen, Xuan Nhi"]
[Black "Tran, Thi Hong Ngoc"]
[Result "0-1"]
[WhiteElo "1870"]
[BlackElo "1732"]
[PlyCount "74"]
[EventDate "2024.03.11"]
[EventType "swiss"]
[EventRounds "9"]
[EventCountry "VIE"]
[SourceTitle "CB13_2024"]
[SourceDate "2024.03.27"]
[SourceVersion "1"]
[SourceVersionDate "2024.03.27"]
[SourceQuality "1"]

1. d4 d5 2. c4 e6 3. Nf3 Nf6 4. g3 c6 5. Bg2 Bd6 6. 0-0 Nbd7 7. Qc2 0-0 8. Rd1 b6 9. Nc3 Bb7 10. e4 Nxe4 11. Nxe4 dxe4 12. Qxe4 Qc7 13. Qh4 Rfe8 14. b3 Rad8 15. Bg5 f6 16. Be3 c5 17. Rd2 cxd4 18. Nxd4 Bxg2 19. Kxg2 Qb7+ 20. f3 Bc5 21. Qe4 Qxe4 22. fxe4 e5 23. Nf5 g6 24. Bxc5 Nxc5 25. Nd6 Re7 26. Rad1 Red7 27. Kf3 Nb7 28. c5 bxc5 29. Nc4 Rxd2 30. Rxd2 Rxd2 31. Nxd2 Nd6 32. Ke3 Kf7 33. Nf3 Ke6 34. Ne1 f5 35. exf5+ gxf5 36. Nd3 Kd5 37. Nc1 a5 0-1

[Event "VIE-ch (Women)"]
[Site "Tinh Bac Giang"]
[Date "2022.02.28"]
[Round "9"]
[White "Nguyen, Xuan Nhi"]
[Black "Phan, Thi My Huong"]
[Result "1/2-1/2"]
[WhiteElo "1880"]
[BlackElo "1533"]
[PlyCount "30"]
[EventDate "2022.02.28"]
[EventType "swiss"]
[EventRounds "9"]
[EventCountry "VIE"]
[SourceTitle "CBM 207 Extra"]
[Source "ChessBase"]
[SourceDate "2022.05.31"]
[SourceVersion "1"]
[SourceVersionDate "2022.05.31"]
[SourceQuality "1"]

1. d4 d5 2. Nf3 Nf6 3. g3 g6 4. Bg2 Bg7 5. 0-0 0-0 6. b3 b6 7. Bb2 Bb7 8. Ne5 Nbd7 9. h3 c5 10. Nd2 Qc7 11. Ndf3 Rac8 12. Rc1 Ne4 13. Nxd7 Qxd7 14. c4 Rfd8 15. Ne5 Qc7 1/2-1/2

[Event "VIE-ch (Women)"]
[Site "Ho Chi Minh City"]
[Date "2021.03.25"]
[Round "2"]
[White "Nguyen, Thi Mai Lan"]
[Black "Nguyen, Xuan Nhi"]
[Result "0-1"]
[WhiteElo "1164"]
[BlackElo "1847"]
[PlyCount "82"]
[EventDate "2021.03.24"]
[EventType "swiss"]
[EventRounds "9"]
[EventCountry "VIE"]
[SourceTitle "EXT 2022"]
[Source "ChessBase"]
[SourceDate "2021.10.06"]
[SourceVersion "1"]
[SourceVersionDate "2021.10.06"]
[SourceQuality "1"]

1. d4 Nf6 2. c4 g6 3. Nc3 Bg7 4. e4 d6 5. Nf3 0-0 6. Be2 e5 7. 0-0 Nc6 8. d5 Ne7 9. Ne1 Nd7 10. Be3 f5 11. f3 f4 12. Bf2 Nf6 13. c5 g5 14. cxd6 cxd6 15. a4 Ng6 16. a5 Rf7 17. Nb5 g4 18. Nxa7 g3 19. Bb6 gxh2+ 20. Kh1 Qe7 21. Nxc8 Rxc8 22. b4 Nh5 23. Bf2 Bf6 24. Nd3 Bh4 25. Re1 Rc3 26. g3 fxg3 27. Be3 Bg5 28. Bf1 Bxe3 29. Rxe3 Qh4 30. Bg2 Rfc7 31. Re2 Nhf4 32. Nxf4 Qxf4 33. Rd2 Nh4 34. b5 Nxg2 35. Kxg2 h1Q+ 36. Kxh1 Rxf3 37. Rg2 Rf2 38. a6 bxa6 39. bxa6 Qh6+ 40. Kg1 Qe3 41. Kh1 Rf6 0-1

[Event "VIE-ch (Women)"]
[Site "Hanoi"]
[Date "2020.10.06"]
[Round "2"]
[White "Nguyen, Xuan Nhi"]
[Black "Tong, Thai Hoang An"]
[Result "1-0"]
[WhiteElo "1857"]
[BlackElo "1220"]
[PlyCount "77"]
[EventDate "2020.10.05"]
[EventType "swiss"]
[EventRounds "9"]
[EventCountry "VIE"]
[SourceTitle "EXT 2022"]
[Source "ChessBase"]
[SourceDate "2021.10.06"]
[SourceVersion "1"]
[SourceVersionDate "2021.10.06"]
[SourceQuality "1"]

1. d4 d5 2. Nf3 Nf6 3. g3 c5 4. Bg2 cxd4 5. Nxd4 h6 6. 0-0 e5 7. Nb3 Nc6 8. N1d2 Be6 9. c3 Be7 10. Re1 0-0 11. e4 dxe4 12. Nxe4 Nxe4 13. Bxe4 Qc7 14. Qe2 Bf6 15. Nc5 Nd8 16. Be3 Bg5 17. Bxg5 Qxc5 18. Bxd8 Rfxd8 19. Bxb7 Rab8 20. Bf3 f6 21. Red1 Rxd1+ 22. Rxd1 Bxa2 23. b4 Qc4 24. Bd5+ Qxd5 25. Rxd5 Bxd5 26. Qd3 Bf7 27. Qa6 Rd8 28. Qxa7 Rd1+ 29. Kg2 Bd5+ 30. Kh3 Be6+ 31. Kh4 g5+ 32. Kh5 Rd7 33. Qa6 Bf7+ 34. Kg4 Kg7 35. Kf5 Bg6+ 36. Ke6 Be8 37. Qc8 Kf8 38. Qxd7 Bxd7+ 39. Kxd7 1-0

[Event "VIE-ch (Women)"]
[Site "Hanoi"]
[Date "2020.10.05"]
[Round "1"]
[White "Luong, Phuong Hanh"]
[Black "Nguyen, Xuan Nhi"]
[Result "1-0"]
[WhiteElo "2230"]
[BlackElo "1857"]
[PlyCount "103"]
[EventDate "2020.10.05"]
[EventType "swiss"]
[EventRounds "9"]
[EventCountry "VIE"]
[SourceTitle "EXT 2022"]
[Source "ChessBase"]
[SourceDate "2021.10.06"]
[SourceVersion "1"]
[SourceVersionDate "2021.10.06"]
[SourceQuality "1"]

1. d4 Nf6 2. Nf3 g6 3. g3 Bg7 4. Bg2 0-0 5. 0-0 d6 6. a4 a5 7. Re1 Nbd7 8. e4 e5 9. Nc3 c6 10. b3 Re8 11. Ba3 exd4 12. Nxd4 Qb6 13. Bxd6 Ng4 14. Nce2 Nc5 15. Bxc5 Qxc5 16. c3 Be6 17. h3 Nf6 18. Qc2 Rad8 19. Rad1 Nh5 20. Kh2 b5 21. f4 bxa4 22. Nxe6 fxe6 23. bxa4 e5 24. f5 Nf6 25. fxg6 hxg6 26. Ng1 Kh7 27. Nf3 Bh6 28. Qb3 Qe7 29. Qb6 Rxd1 30. Rxd1 Nxe4 31. Qxc6 Nf6 32. Rd6 Bg7 33. Re6 Qf8 34. Qc4 Rxe6 35. Ng5+ Kh8 36. Nxe6 Qe7 37. Ng5 Bh6 38. Ne4 Nxe4 39. Qxe4 Kg7 40. Qd5 Qc7 41. c4 Be3 42. Qe6 Bd4 43. Bd5 Qb8 44. Qf7+ Kh6 45. h4 Qb2+ 46. Kh3 Qf2 47. Bf3 Qf1+ 48. Kg4 Qd3 49. Qf8+ Kh7 50. Bd5 Qe2+ 51. Kh3 Qd3 52. Qg8+ 1-0

[Event "VIE-chT (Women)"]
[Site "Bac Giang"]
[Date "2020.06.08"]
[Round "5.4"]
[White "Nguyen, Xuan Nhi"]
[Black "Chau, Thi Ngoc Giao"]
[Result "1/2-1/2"]
[WhiteElo "1857"]
[BlackElo "2137"]
[PlyCount "69"]
[EventDate "2020.06.06"]
[EventType "swiss"]
[EventRounds "9"]
[EventCountry "VIE"]
[SourceTitle "CBM 197 Extra"]
[Source "ChessBase"]
[SourceDate "2020.09.30"]
[SourceVersion "1"]
[SourceVersionDate "2020.09.30"]
[SourceQuality "1"]

1. d4 d5 2. Nf3 Nf6 3. g3 e6 4. Bg2 Be7 5. 0-0 0-0 6. c4 c6 7. Qc2 Nbd7 8. Nbd2 b6 9. e4 dxe4 10. Nxe4 Nxe4 11. Qxe4 Bb7 12. Rd1 Qc8 13. Ne5 Nxe5 14. dxe5 Qc7 15. h4 Rab8 16. Bg5 c5 17. Qf4 Bxg2 18. Kxg2 Rfd8 19. Bxe7 Qxe7 20. Rd6 Qb7+ 21. Kg1 Rxd6 22. exd6 Rd8 23. Rd1 Rd7 24. Rd3 Qc6 25. Qe5 Qa8 26. b4 cxb4 27. Qb5 Qc8 28. Qxb4 Qc6 29. c5 h6 30. cxb6 axb6 31. Qf4 f6 32. Qb4 Kf7 33. a4 h5 34. a5 bxa5 35. Qxa5 1/2-1/2

[Event "VIE-chT (Women)"]
[Site "Ho Chi Minh City"]
[Date "2019.10.02"]
[Round "9.14"]
[White "Nguyen, Xuan Nhi"]
[Black "Tran, Phan Bao Khanh"]
[Result "1-0"]
[WhiteElo "1857"]
[BlackElo "1822"]
[PlyCount "39"]
[EventDate "2019.09.26"]
[EventType "swiss"]
[EventRounds "9"]
[EventCountry "VIE"]
[SourceTitle "EXT 2020"]
[Source "ChessBase"]
[SourceDate "2019.10.17"]
[SourceVersion "1"]
[SourceVersionDate "2019.10.17"]
[SourceQuality "1"]

1. d4 d5 2. Nf3 Nf6 3. c4 e6 4. Nc3 c6 5. cxd5 exd5 6. g3 Bf5 7. Bg2 Bd6 8. 0-0 0-0 9. Nh4 Be6 10. Qd3 Qd7 11. Bg5 Be7 12. f4 Bh3 13. Nf3 Bxg2 14. Kxg2 Ng4 15. h3 Bxg5 16. fxg5 Na6 17. a3 c5 18. hxg4 Qxg4 19. Rh1 g6 20. Ne5 1-0

[Event "VIE-chT (Women)"]
[Site "Ho Chi Minh City"]
[Date "2019.09.30"]
[Round "7.13"]
[White "Nguyen, Xuan Nhi"]
[Black "Do, Dinh Hong Chinh"]
[Result "1/2-1/2"]
[WhiteElo "1857"]
[BlackElo "1826"]
[PlyCount "136"]
[EventDate "2019.09.26"]
[EventType "swiss"]
[EventRounds "9"]
[EventCountry "VIE"]
[SourceTitle "EXT 2020"]
[Source "ChessBase"]
[SourceDate "2019.10.17"]
[SourceVersion "1"]
[SourceVersionDate "2019.10.17"]
[SourceQuality "1"]

1. d4 Nf6 2. Nf3 d5 3. g3 c5 4. c3 e6 5. Bg2 Nc6 6. 0-0 Qb6 7. b3 Be7 8. Bb2 0-0 9. Nbd2 Bd7 10. e3 Rac8 11. Re1 Rfd8 12. Qe2 cxd4 13. exd4 Na5 14. Ne5 Bb5 15. Qe3 Bd7 16. Bh3 Re8 17. Ndf3 h6 18. Nxf7 Kxf7 19. Ne5+ Kf8 20. Nxd7+ Nxd7 21. Bxe6 Rcd8 22. Qd3 Bd6 23. Qh7 Rxe6 24. Rxe6 Nf6 25. Qg6 Qc7 26. Rae1 Qf7 27. Qf5 Ne4 28. g4 Nc6 29. f3 Qxf5 30. gxf5 Ng5 31. R6e3 Bf4 32. Rd3 Bd6 33. Kg2 Ne7 34. c4 Nxf5 35. Bc1 Nh4+ 36. Kh1 Nh3 37. Rde3 Nf4 38. c5 Bc7 39. Re7 Nd3 40. R1e6 Ba5 41. Be3 Nf5 42. Rxb7 Bc3 43. c6 Rc8 44. c7 Kf7 45. Rc6 Ba5 46. Bg1 Ne7 47. Ra6 Bb6 48. Ra3 Nc6 49. h4 Na5 50. Rb8 Rxc7 51. Bh2 Rc1+ 52. Kg2 Ne1+ 53. Kh3 Rc3 54. Bd6 Rxf3+ 55. Kg4 Nc6 56. Rf8+ Ke6 57. Rxf3 Nxf3 58. Bf8 Kf7 59. Bc5 Nfxd4 60. Bxb6 axb6 61. Ra6 b5 62. Kf4 Ke7 63. Rb6 Kf6 64. a4 bxa4 65. bxa4 g5+ 66. hxg5+ hxg5+ 67. Kg4 Ke5 68. Kxg5 Na5 1/2-1/2

[Event "VIE-chT (Women)"]
[Site "Ho Chi Minh City"]
[Date "2019.09.29"]
[Round "6.15"]
[White "Nguyen, Thu Trang"]
[Black "Nguyen, Xuan Nhi"]
[Result "1/2-1/2"]
[WhiteElo "1813"]
[BlackElo "1857"]
[PlyCount "91"]
[EventDate "2019.09.26"]
[EventType "swiss"]
[EventRounds "9"]
[EventCountry "VIE"]
[SourceTitle "EXT 2020"]
[Source "ChessBase"]
[SourceDate "2019.10.17"]
[SourceVersion "1"]
[SourceVersionDate "2019.10.17"]
[SourceQuality "1"]

1. e4 c6 2. d4 d5 3. exd5 cxd5 4. Nf3 Nf6 5. c3 e6 6. Bd3 Bd6 7. Bg5 Nbd7 8. 0-0 0-0 9. Re1 Qc7 10. Nbd2 a6 11. a4 b6 12. Qc2 h6 13. Bh4 Bb7 14. Bg3 Bxg3 15. hxg3 Ng4 16. Rac1 Rac8 17. Nf1 Qd6 18. Ne3 Ndf6 19. Nxg4 Nxg4 20. Qe2 a5 21. Ne5 Nxe5 22. Qxe5 Qd7 23. Ra1 Bc6 24. Bc2 b5 25. axb5 Bxb5 26. Rxa5 Ra8 27. Rea1 Qb7 28. Qe1 Bc4 29. b4 g6 30. R1a3 Rfc8 31. Qa1 Rxa5 32. Rxa5 Rc7 33. Qa4 Kg7 34. Qa1 Bb5 35. Qe1 Rc8 36. Qe5+ Kg8 37. Qe1 Ra8 38. Qa1 Rxa5 39. Qxa5 Qc6 40. Qa1 Kg7 41. Qe1 Kh7 42. Bb3 Kg8 43. Qc1 Kg7 44. Qe3 Kh7 45. Qe1 Kg8 46. Qe3 1/2-1/2

[Event "VIE Cup (Women)"]
[Site "Bac Giang"]
[Date "2018.06.05"]
[Round "9"]
[White "Le, La Tra My"]
[Black "Nguyen, Xuan Nhi"]
[Result "0-1"]
[WhiteElo "1755"]
[BlackElo "1845"]
[PlyCount "68"]
[EventDate "2018.05.30"]
[EventType "swiss"]
[EventRounds "9"]
[EventCountry "VIE"]
[SourceTitle "CBM 184 Extra"]
[Source "ChessBase"]
[SourceDate "2018.06.28"]
[SourceVersion "1"]
[SourceVersionDate "2018.06.28"]
[SourceQuality "1"]

1. d4 Nf6 2. c4 g6 3. Nc3 Bg7 4. g3 0-0 5. Bg2 d6 6. Nf3 Nbd7 7. 0-0 c6 8. e4 e5 9. d5 c5 10. Ne1 Ne8 11. f4 f5 12. Nd3 a6 13. Be3 Nef6 14. Bf3 fxe4 15. Nxe4 Nxe4 16. Bxe4 Nf6 17. Bg2 Ng4 18. Bc1 exf4 19. Rxf4 Bd4+ 20. Kh1 Rxf4 21. Bxf4 g5 22. Bc1 Qf6 23. Bf3 Bf5 24. Kg2 Rf8 25. Ne1 Nf2 26. Qe2 Bh3+ 27. Kg1 Nd3+ 28. Be3 Nxe1 29. Rxe1 Qxf3 30. Qxf3 Rxf3 31. Bxd4 cxd4 32. Rd1 d3 33. b4 d2 34. c5 Rf1+ 0-1

[Event "VIE Cup (Women)"]
[Site "Bac Giang"]
[Date "2018.05.31"]
[Round "2"]
[White "Nguyen, Xuan Nhi"]
[Black "Chau, Thi Ngoc Giao"]
[Result "1-0"]
[WhiteElo "1845"]
[BlackElo "2137"]
[PlyCount "79"]
[EventDate "2018.05.30"]
[EventType "swiss"]
[EventRounds "9"]
[EventCountry "VIE"]
[SourceTitle "CBM 184 Extra"]
[Source "ChessBase"]
[SourceDate "2018.06.28"]
[SourceVersion "1"]
[SourceVersionDate "2018.06.28"]
[SourceQuality "1"]

1. d4 Nf6 2. Nf3 g6 3. c4 Bg7 4. Nc3 d5 5. e3 0-0 6. Be2 b6 7. 0-0 Bb7 8. b3 Nbd7 9. Bb2 e6 10. Qc2 Rc8 11. Rad1 c6 12. Nd2 Qc7 13. e4 dxe4 14. Ndxe4 Nxe4 15. Nxe4 Rfd8 16. Bf3 Nf6 17. Rd2 Nxe4 18. Bxe4 c5 19. Bxb7 Qxb7 20. Rfd1 cxd4 21. Bxd4 Rxd4 22. Rxd4 Bxd4 23. Rxd4 Qe7 24. Qd2 Qf6 25. h3 Qe5 26. Rd7 a6 27. Rxf7 Kxf7 28. Qd7+ Kf6 29. Qxc8 Qa1+ 30. Kh2 Qe5+ 31. g3 Qc5 32. Qh8+ Kf5 33. Kg1 Qe5 34. Qxh7 Qe1+ 35. Kg2 Qe4+ 36. Kh2 Qd4 37. Qf7+ Kg5 38. h4+ Kh6 39. Qf4+ Qxf4 40. gxf4 1-0

[Event "Hanoi HD Bank op-B 8th"]
[Site "Hanoi"]
[Date "2018.03.12"]
[Round "4"]
[White "Nguyen, Xuan Nhi"]
[Black "Nguyen, Van Toan Thanh"]
[Result "0-1"]
[WhiteElo "1805"]
[BlackElo "2039"]
[PlyCount "106"]
[EventDate "2018.03.10"]
[EventType "swiss"]
[EventRounds "9"]
[EventCountry "VIE"]
[SourceTitle "CBM 183 Extra"]
[Source "ChessBase"]
[SourceDate "2018.04.19"]
[SourceVersion "1"]
[SourceVersionDate "2018.04.19"]
[SourceQuality "1"]

1. d4 d5 2. Nf3 Nf6 3. g3 e6 4. Bg2 b6 5. c4 Bb7 6. 0-0 Bd6 7. Nc3 c6 8. b3 0-0 9. Qc2 Nbd7 10. Bb2 Qe7 11. e4 dxe4 12. Nxe4 Nxe4 13. Qxe4 Nf6 14. Qe2 c5 15. Rad1 cxd4 16. Nxd4 Bxg2 17. Kxg2 Bc5 18. Qf3 Rac8 19. Rfe1 Ne8 20. Kg1 Qf6 21. Qe2 Qg6 22. Rd3 Nf6 23. Red1 Ne4 24. Kg2 h5 25. f3 Nf6 26. a3 a5 27. Nc2 Be7 28. Be5 Rfe8 29. R1d2 h4 30. g4 Nh7 31. h3 Nf8 32. Qf2 Red8 33. Rxd8 Rxd8 34. Bc7 Rxd2 35. Qxd2 Bg5 36. Qe2 Nd7 37. Nd4 Qf6 38. Nc6 Bf4 39. Bd8 Qc3 40. Bxh4 Qxb3 41. Qe4 Qb2+ 42. Bf2 Bd6 43. Kf1 Qxa3 44. Nd4 Qc1+ 45. Kg2 Qxc4 46. Qb7 Qc7 47. Qa8+ Qb8 48. Qe4 Nf6 49. Qd3 Bc5 50. Bg3 Qd8 51. Be5 Bxd4 52. Qxd4 Qxd4 53. Bxd4 Nd5 0-1

[Event "Hanoi HD Bank op-B 8th"]
[Site "Hanoi"]
[Date "2018.03.12"]
[Round "5"]
[White "Vu, My Linh"]
[Black "Nguyen, Xuan Nhi"]
[Result "0-1"]
[WhiteElo "1316"]
[BlackElo "1805"]
[PlyCount "58"]
[EventDate "2018.03.10"]
[EventType "swiss"]
[EventRounds "9"]
[EventCountry "VIE"]
[SourceTitle "CBM 183 Extra"]
[Source "ChessBase"]
[SourceDate "2018.04.19"]
[SourceVersion "1"]
[SourceVersionDate "2018.04.19"]
[SourceQuality "1"]

1. d4 Nf6 2. c4 g6 3. Nc3 Bg7 4. e4 d6 5. Nf3 0-0 6. Be2 e5 7. 0-0 Nc6 8. d5 Ne7 9. b4 Nh5 10. c5 f5 11. Ng5 Nf4 12. Bc4 h6 13. Ne6 Bxe6 14. dxe6 fxe4 15. Qg4 d5 16. Bb3 c6 17. Ba3 Kh7 18. Rad1 h5 19. Qh4 Bf6 20. Qg3 Nf5 21. Nxe4 Nxg3 22. Nxf6+ Qxf6 23. hxg3 Nxe6 24. Bb2 Rad8 25. f4 d4 26. fxe5 Qxe5 27. Rfe1 Qxg3 28. Bxe6 Qf2+ 29. Kh1 Qxb2 0-1

[Event "Hanoi HD Bank op-B 8th"]
[Site "Hanoi"]
[Date "2018.03.10"]
[Round "2"]
[White "Nguyen, Xuan Nhi"]
[Black "Vuong, Trung Hieu"]
[Result "0-1"]
[WhiteElo "1805"]
[BlackElo "2061"]
[PlyCount "82"]
[EventDate "2018.03.10"]
[EventType "swiss"]
[EventRounds "9"]
[EventCountry "VIE"]
[SourceTitle "CBM 183 Extra"]
[Source "ChessBase"]
[SourceDate "2018.04.19"]
[SourceVersion "1"]
[SourceVersionDate "2018.04.19"]
[SourceQuality "1"]

1. d4 Nf6 2. Nf3 d5 3. g3 Bf5 4. Bg2 e6 5. 0-0 Be7 6. c4 c6 7. Nbd2 h6 8. b3 0-0 9. Bb2 Nbd7 10. Re1 Ne4 11. Nxe4 Bxe4 12. Ne5 Bxg2 13. Kxg2 Bb4 14. Rf1 f5 15. e3 Nxe5 16. dxe5 dxc4 17. bxc4 Qxd1 18. Rfxd1 Rfd8 19. Kf3 g5 20. h3 h5 21. a3 Bf8 22. Rab1 b5 23. cxb5 cxb5 24. Bd4 Rd5 25. Rb3 Rc8 26. e4 fxe4+ 27. Kxe4 Rc4 28. Ke3 Bc5 29. Rbd3 Rxe5+ 30. Kf3 Rf5+ 31. Ke3 Rxd4 32. Rxd4 Bxd4+ 33. Rxd4 a5 34. f4 gxf4+ 35. gxf4 Rd5 36. Re4 Kf7 37. h4 Kf6 38. Ke2 Kf5 39. Ke3 Rc5 40. Rd4 Rc3+ 41. Kd2 Rxa3 0-1

[Event "VIE-chT (Women)"]
[Site "Ho Chi Minh City"]
[Date "2017.07.24"]
[Round "2.6"]
[White "Le, Thi Phuong Lien"]
[Black "Nguyen, Xuan Nhi"]
[Result "1/2-1/2"]
[WhiteElo "2058"]
[BlackElo "1751"]
[PlyCount "87"]
[EventDate "2017.07.24"]
[EventType "team-swiss"]
[EventRounds "9"]
[EventCountry "VIE"]
[SourceTitle "EXT 2019"]
[Source "ChessBase"]
[SourceDate "2018.10.10"]
[SourceVersion "1"]
[SourceVersionDate "2018.10.10"]
[SourceQuality "1"]

1. e4 c6 2. d4 d5 3. Nc3 dxe4 4. Nxe4 Bf5 5. Ng3 Bg6 6. Nf3 e6 7. Ne5 Nd7 8. f4 Ngf6 9. h4 Nxe5 10. fxe5 Ne4 11. Nxe4 Bxe4 12. c3 Qd5 13. Rh2 0-0-0 14. Qa4 Kb8 15. Bg5 Rc8 16. 0-0-0 h6 17. Be3 b5 18. Qa6 Bf5 19. Bg1 Qe4 20. Bd3 Qf4+ 21. Kc2 Rc7 22. g3 Bxd3+ 23. Rxd3 Qe4 24. d5 exd5 25. Bd4 Be7 26. b4 Rhc8 27. Kd2 Rb7 28. Re2 Qg4 29. e6 fxe6 30. Be5+ Ka8 31. Rde3 g5 32. Bd4 Rcc7 33. Rxe6 gxh4 34. gxh4 Qxh4 35. Rxc6 Qf4+ 36. Be3 Rxc6 37. Qxc6 Qd6 38. Qxd6 Bxd6 39. Bxh6 Rh7 40. Be3 Kb7 41. Kd3 a6 42. Rf2 Rh2 43. Rf6 Be7 44. Rf2 1/2-1/2

[Event "VIE-chT (Women)"]
[Site "Ho Chi Minh City"]
[Date "2017.07.24"]
[Round "1.34"]
[White "Nguyen, Xuan Nhi"]
[Black "Nguyen, Thi Thuy Quyen"]
[Result "1-0"]
[WhiteElo "1751"]
[BlackElo "1906"]
[PlyCount "59"]
[EventDate "2017.07.24"]
[EventType "team-swiss"]
[EventRounds "9"]
[EventCountry "VIE"]
[SourceTitle "EXT 2019"]
[Source "ChessBase"]
[SourceDate "2018.10.10"]
[SourceVersion "1"]
[SourceVersionDate "2018.10.10"]
[SourceQuality "1"]

1. d4 Nf6 2. c4 g6 3. Nf3 Bg7 4. e4 d6 5. Nc3 Nbd7 6. Be2 0-0 7. 0-0 b6 8. Qc2 Bb7 9. a3 Ne8 10. b4 a6 11. Bb2 e6 12. Rad1 f5 13. Ne1 e5 14. dxe5 Nxe5 15. f4 Nc6 16. e5 Qc8 17. Nd5 Qe6 18. Nf3 h6 19. b5 Nd8 20. Kh1 axb5 21. cxb5 Kh8 22. Bc4 Qd7 23. Qb3 Rb8 24. Nh4 Bxd5 25. Nxg6+ Kh7 26. Nxf8+ Bxf8 27. Bxd5 c6 28. Bg8+ Kg6 29. Qg3+ Kh5 30. Bc4 1-0

[Event "VIE-ch (Women)"]
[Site "Bac Giang"]
[Date "2016.06.27"]
[Round "8"]
[White "Tran, Thi Kim Loan"]
[Black "Nguyen, Xuan Nhi"]
[Result "1/2-1/2"]
[WhiteElo "1864"]
[BlackElo "1751"]
[PlyCount "134"]
[EventDate "2016.06.22"]
[EventType "swiss"]
[EventRounds "9"]
[EventCountry "VIE"]
[SourceTitle "EXT 2017"]
[Source "ChessBase"]
[SourceDate "2016.10.25"]
[SourceVersion "1"]
[SourceVersionDate "2016.10.25"]
[SourceQuality "1"]

1. d4 Nf6 2. c4 e6 3. Nc3 d5 4. Bg5 Be7 5. e3 0-0 6. Rc1 c6 7. Nf3 Nbd7 8. Bd3 h6 9. Bf4 dxc4 10. Bxc4 b5 11. Bd3 Bb7 12. 0-0 Rc8 13. h3 a6 14. a4 b4 15. Ne4 Nxe4 16. Bxe4 Nf6 17. Nd2 Bd6 18. Bxd6 Qxd6 19. Bf3 Rfd8 20. Qe2 Qe7 21. Nb3 e5 22. dxe5 Qxe5 23. Nc5 Ba8 24. Nxa6 Qa5 25. Nc5 Nd7 26. Nxd7 Rxd7 27. Bg4 f5 28. Qc4+ Kh8 29. Qe6 Rcd8 30. Qxf5 Rd5 31. Qg6 Rg5 32. Qf7 Qe5 33. Rfd1 Rb8 34. Rd2 h5 35. Bf3 c5 36. Bxa8 Rxa8 37. Rcd1 Qe4 38. Rd8+ Rxd8 39. Rxd8+ Kh7 40. Qg8+ Kh6 41. Rd6+ Rg6 42. Qh8+ Kg5 43. f4+ Kh4 44. Rxg6 Qxg6 45. Qd8+ Kg3 46. Qd1 Kh4 47. e4 c4 48. Qd8+ Kg3 49. Qd2 Qb6+ 50. Kf1 Kh2 51. g4+ Kg3 52. gxh5 c3 53. bxc3 b3 54. Qg2+ Kxf4 55. Qg4+ Ke5 56. Qf5+ Kd6 57. Qd5+ Ke7 58. a5 Qf6+ 59. Ke2 Qxc3 60. Qb7+ Kf6 61. a6 b2 62. a7 Qc2+ 63. Kf3 b1Q 64. Qxb1 Qxb1 65. a8Q Qd3+ 66. Kf4 Qd2+ 67. Kf3 Qd3+ 1/2-1/2

[Event "VIE-ch (Women)"]
[Site "Bac Giang"]
[Date "2016.06.26"]
[Round "7"]
[White "Nguyen, Xuan Nhi"]
[Black "Ngo, Thi Kim Tuyen"]
[Result "0-1"]
[WhiteElo "1751"]
[BlackElo "1998"]
[PlyCount "96"]
[EventDate "2016.06.22"]
[EventType "swiss"]
[EventRounds "9"]
[EventCountry "VIE"]
[SourceTitle "EXT 2017"]
[Source "ChessBase"]
[SourceDate "2016.10.25"]
[SourceVersion "1"]
[SourceVersionDate "2016.10.25"]
[SourceQuality "1"]

1. d4 d5 2. Nf3 Nf6 3. g3 Bf5 4. Bg2 e6 5. 0-0 h6 6. c4 c6 7. b3 Be7 8. Bb2 0-0 9. Nbd2 Nbd7 10. Ne5 a5 11. a3 Nxe5 12. dxe5 Ne4 13. Nxe4 dxe4 14. e3 Qb6 15. Qc2 Rfd8 16. Rfc1 Rd3 17. Bc3 Rad8 18. Bf1 R3d7 19. Rcb1 Bg4 20. b4 axb4 21. axb4 Bf3 22. b5 Qc7 23. b6 Qc8 24. Qa4 c5 25. Qc2 Qc6 26. Be1 g6 27. Bc3 h5 28. h3 Bg5 29. Bg2 Rd3 30. Bf1 R3d7 31. Bg2 h4 32. Bxf3 exf3 33. gxh4 Bxh4 34. Kh2 Rd3 35. Rg1 Bxf2 36. Qxf2 Rxc3 37. Qh4 Rcd3 38. Ra2 Qxb6 39. Rg4 Qc7 40. Qg5 Rd2+ 41. Rxd2 Rxd2+ 42. Kg3 f2 43. Qf6 f1Q 44. Qxf1 Qxe5+ 45. Kh4 Qxe3 46. Qa1 Qf2+ 47. Kg5 Qf5+ 48. Kh4 Qh5+ 0-1

[Event "VIE-ch (Women)"]
[Site "Bac Giang"]
[Date "2016.06.22"]
[Round "1"]
[White "Nguyen, Vu Thu Hien"]
[Black "Nguyen, Xuan Nhi"]
[Result "1-0"]
[WhiteElo "1852"]
[BlackElo "1751"]
[PlyCount "105"]
[EventDate "2016.06.22"]
[EventType "swiss"]
[EventRounds "9"]
[EventCountry "VIE"]
[SourceTitle "EXT 2017"]
[Source "ChessBase"]
[SourceDate "2016.10.25"]
[SourceVersion "1"]
[SourceVersionDate "2016.10.25"]
[SourceQuality "1"]

1. d4 Nf6 2. c4 e6 3. Nf3 d5 4. Nc3 Bb4 5. Bd2 0-0 6. e3 b6 7. cxd5 exd5 8. Bd3 Bb7 9. 0-0 Nbd7 10. Rc1 c5 11. Bb1 Re8 12. Nb5 Bxd2 13. Nxd2 Ba6 14. Qa4 Bxb5 15. Qxb5 a6 16. Qd3 Ne4 17. Nxe4 dxe4 18. Qd2 Rc8 19. Rfd1 Qh4 20. dxc5 Nxc5 21. b4 Ne6 22. Qd5 Rxc1 23. Rxc1 Ng5 24. Qd7 Rf8 25. Rc8 g6 26. Rxf8+ Kxf8 27. Qd8+ Kg7 28. Qxb6 Qg4 29. Qd4+ Kh6 30. Kf1 f5 31. Bc2 f4 32. h3 Qh4 33. exf4 Qxf4 34. Qe3 Qc7 35. Bb3 Qh2 36. Qg3 Qxg3 37. fxg3 Kg7 38. Bd5 Kf6 39. h4 Ne6 40. Bxe4 Ke5 41. Bd3 Nc7 42. Ke2 Kd4 43. a4 Nd5 44. Bxa6 Nxb4 45. Bb5 Nd5 46. Kf3 Ke5 47. a5 Nc7 48. Bc4 Kd6 49. Kg4 Kc5 50. Bg8 h6 51. Bf7 g5 52. hxg5 hxg5 53. Kxg5 1-0

[Event "Ho Chi Minh City HD Bank op-B 6th"]
[Site "Ho Chi Minh City"]
[Date "2016.03.13"]
[Round "9"]
[White "Nguyen, Thi Minh Thu"]
[Black "Nguyen, Xuan Nhi"]
[Result "1-0"]
[WhiteElo "1657"]
[BlackElo "1788"]
[PlyCount "109"]
[EventDate "2016.03.08"]
[EventType "swiss"]
[EventRounds "9"]
[EventCountry "VIE"]
[SourceTitle "CBM 171 Extra"]
[Source "ChessBase"]
[SourceDate "2016.04.26"]
[SourceVersion "1"]
[SourceVersionDate "2016.04.26"]
[SourceQuality "1"]

1. Nf3 d5 2. g3 Nf6 3. Bg2 g6 4. b3 Bg7 5. Bb2 0-0 6. 0-0 b6 7. d4 Bb7 8. Nbd2 Nbd7 9. c4 e6 10. Rc1 Rc8 11. Ne5 c5 12. cxd5 Bxd5 13. Ndc4 Bxg2 14. Kxg2 cxd4 15. Bxd4 Qe7 16. Nxd7 Nxd7 17. Bxg7 Kxg7 18. Qd6 Qd8 19. Rfd1 Nf6 20. Qa3 Qc7 21. Nd6 Qb8 22. Nxc8 Rxc8 23. Rxc8 Qxc8 24. Qb2 Qc5 25. Qd4 Qc2 26. Rd2 Qc7 27. f3 h6 28. Qc4 Qb8 29. Qd4 Qc7 30. b4 Qc1 31. Qb2 Qc7 32. b5 Qc5 33. Rc2 Qd5 34. a4 Qd7 35. Rd2 Qc7 36. Rc2 Qd6 37. Rc6 Qd5 38. Rc7 e5 39. Qc2 e4 40. Qc4 exf3+ 41. Kf2 Ne4+ 42. Ke3 Qg5+ 43. Kxe4 Qf5+ 44. Ke3 fxe2 45. Kxe2 Qe5+ 46. Kf2 Qb2+ 47. Qc2 Qd4+ 48. Ke2 Qe5+ 49. Kd2 Qd4+ 50. Kc1 Qe3+ 51. Kb2 Qe6 52. Rxa7 Qd5 53. Qb3 Qd2+ 54. Ka3 Qd6+ 55. Ka2 1-0